Southville International School and Colleges
Your cart is empty.
  • Cart
  • Lists
    Public lists Eva Luna New books Lux_list list_1
    Your lists Log in to create your own lists
  • Log in to your account
  • Your cookies
  • Search history
Southville International School and Colleges
  • Advanced search
  • Recent comments
  • Most popular
  • Libraries

Log in to your account

Log in with GOOGLE


If you do not have an external account, but do have a local account, you can still log in:

  1. Home
  2. MARC view: Organizational communication for survival /
Normal view MARC view ISBD view

Organizational communication for survival / (Record no. 283662)

[ view plain ]
MARC details
000 -LEADER
fixed length control field 01012cam a22003134a 4500
001 - CONTROL NUMBER
control field 17279134
003 - CONTROL NUMBER IDENTIFIER
control field SISC
005 - DATE AND TIME OF LATEST TRANSACTION
control field 20170119145605.0
008 - FIXED-LENGTH DATA ELEMENTS--GENERAL INFORMATION
fixed length control field 120430s2012 mau b 001 0 eng
010 ## - LIBRARY OF CONGRESS CONTROL NUMBER
LC control number 2012016050
020 ## - INTERNATIONAL STANDARD BOOK NUMBER
International Standard Book Number 9780205911929
020 ## - INTERNATIONAL STANDARD BOOK NUMBER
International Standard Book Number 020506034X
040 ## - CATALOGING SOURCE
Original cataloging agency DLC
Transcribing agency DLC
042 ## - AUTHENTICATION CODE
Authentication code pcc
050 00 - LIBRARY OF CONGRESS CALL NUMBER
Classification number HD 30.3
Item number .R53 2013
082 00 - DEWEY DECIMAL CLASSIFICATION NUMBER
Classification number 658.4/5
100 1# - MAIN ENTRY--PERSONAL NAME
Personal name Richmond, Virginia P.,
Dates associated with a name 1949-
245 10 - TITLE STATEMENT
Title Organizational communication for survival /
Statement of responsibility, etc Virginia Peck Richmond, James C. McCroskey.
250 ## - EDITION STATEMENT
Edition statement 5th edition.
260 ## - PUBLICATION, DISTRIBUTION, ETC. (IMPRINT)
Place of publication, distribution, etc Boston :
Name of publisher, distributor, etc Pearson,
Date of publication, distribution, etc 2013.
300 ## - PHYSICAL DESCRIPTION
Extent viii, 216 pages ;
Dimensions 23 cm.
500 ## - GENERAL NOTE
General note Includes bibliographical references and index.
521 ## - TARGET AUDIENCE NOTE
Target audience note Business Administration
650 #0 - SUBJECT ADDED ENTRY--TOPICAL TERM
Topical term or geographic name as entry element Communication in organizations.
700 1# - ADDED ENTRY--PERSONAL NAME
Personal name McCroskey, James C.
906 ## - LOCAL DATA ELEMENT F, LDF (RLIN)
a 7
b cbc
c orignew
d 1
e ecip
f 20
g y-gencatlg
942 ## - ADDED ENTRY ELEMENTS (KOHA)
Source of classification or shelving scheme Library of Congress Classification
Koha item type Books
Holdings
Withdrawn status Lost status Source of classification or shelving scheme Damaged status Home library Current library Shelving location Date acquired Source of acquisition Sub Shelving location Total Checkouts Total Renewals Full call number Barcode Date last seen Date checked out Price effective from Koha item type
    Library of Congress Classification   College Library College Library Reserve Section 02/28/2015 Library Fund   1 9 HD 30.3 .R53 2013 C19130 05/15/2018 11/12/2015 02/28/2015 Books

Organizational communication for survival /

APA

Richmond V. P., McCroskey J. C., . (2013). Organizational communication for survival. Boston: Pearson.

Chicago

Richmond Virginia P, McCroskey James C, . 2013. Organizational communication for survival. Boston: Pearson.

Harvard

Richmond V. P., McCroskey J. C., . (2013). Organizational communication for survival. Boston: Pearson.

MLA

Richmond Virginia P, McCroskey James C, . Organizational communication for survival. Boston: Pearson. 2013.

  • Place hold
  • Print
  • Cite
  • Add to your cart (remove)
  • Save record
    BIBTEX Dublin Core MARCXML MARC (non-Unicode/MARC-8) MARC (Unicode/UTF-8) MARC (Unicode/UTF-8, Standard) MODS (XML) RIS
  • More searches
    Search for this title in:
    Other Libraries (WorldCat) Other Databases (Google Scholar) Online Stores (Bookfinder.com) Open Library (openlibrary.org)

Exporting to Dublin Core...

SOUTHVILLE LIBRARY

Southville International School and Colleges Library

1281 Tropical Ave. Cor. Luxembourg St., BF Homes International, Las Pinas City

Tel. No. 8256374 / 252358 Loc. 117/146

Powered by Koha